| 000 | 01622cam a2200421 a 4500 | ||
|---|---|---|---|
| 001 | 17451128 | ||
| 003 | OSt | ||
| 005 | 20230605115838.0 | ||
| 008 | 120904s2011 ke a b 000 0 eng c | ||
| 010 | _a 2012311802 | ||
| 020 | _a9789966029102 | ||
| 020 | _a9966029109 | ||
| 035 | _a(OCoLC)ocn794241747 | ||
| 040 |
_aCUY _cCUY _dOSU _dDLC |
||
| 042 |
_apcc _alcode |
||
| 043 | _afe----- | ||
| 050 | 0 | 0 |
_aJQ2945.A91 _bE2693 2011 |
| 082 |
_a338.88 _bSID |
||
| 245 | 0 | 0 |
_aEast African integration : _bdynamics of equity in trade, education, media and labour. |
| 250 | _a2nd ed. | ||
| 260 |
_aNairobi, Kenya : _bSID, _cc2011. |
||
| 300 |
_axxii, 215 p. : _bcol. ill. ; _c23 cm. |
||
| 500 | _a"Lead authors, Stephen Odebero ... [et al.]"--Acknowledgements. | ||
| 500 | _aFirst ed. publ in Jan. 2011; current ed. revised and includes a new chapter on labor and employment. | ||
| 504 | _aIncludes bibliographical references. | ||
| 610 | 2 | 0 |
_aEast African Community _xPolitics and government. |
| 610 | 2 | 0 |
_aEast African Community _xEconomic integration. |
| 650 | 0 |
_aEducation _zAfrica, Eastern _y21st century. |
|
| 650 | 0 |
_aMass media _zAfrica, Eastern _y21st century. |
|
| 650 | 0 |
_aLabor _zAfrica, Eastern _y21st century. |
|
| 651 | 0 |
_aAfrica, Eastern _xCommerce _y21st century. |
|
| 651 | 0 |
_aAfrica, Eastern _xPolitics and government _y1960- |
|
| 700 | 1 | _aOdebero, Stephen O. | |
| 710 | 2 |
_aSociety for International Development. _bRegional Office for Eastern Africa. |
|
| 906 |
_a7 _bcbc _cpccadap _d3 _encip _f20 _gy-gencatlg |
||
| 942 |
_2ddc _cBK |
||
| 999 |
_c348 _d348 |
||